| 000 | 00445nam a2200169 a 4500 | ||
|---|---|---|---|
| 005 | 20240320063651.0 | ||
| 008 | 991125s1970 mx 000 0 spa u | ||
| 035 | _aUPN01000005196 | ||
| 049 | _aCG | ||
| 050 | 4 |
_aPS1306 _bE68 |
|
| 100 | 1 |
_aTwain, Mark, _d1835-1910 _929455 |
|
| 245 | 1 | 0 |
_aAventuras de Tom Sawyer / _cMark Twain. |
| 260 |
_aMéxico : _bEpoca, _c1970. |
||
| 300 | _a252 p. | ||
| 650 | 4 |
_aNovela estadounidense _94462 |
|
| 905 | _aLibro | ||
| 999 |
_c5196 _d5196 |
||